Изучение пространственно-временной эволюции вихреподобного движения атомов в нагруженном твердом теле. Молекулярно-динамический подход; Перспективные материалы с иерархической структурой для новых технологий и надежных конструкций

Bibliographic Details
Parent link:Перспективные материалы с иерархической структурой для новых технологий и надежных конструкций.— 2017.— [С. 147-148]
Corporate Author: Национальный исследовательский Томский политехнический университет (ТПУ) Институт физики высоких технологий (ИФВТ) Кафедра физики высоких технологий в машиностроении (ФВТМ)
Other Authors: Дмитриев А. И., Никонов А. Ю., Филиппов А. Э., Псахье С. Г. Сергей Григорьевич, Тюменцев А. Н.
Summary:Заглавие с экрана
Language:Russian
Published: 2017
Series:Неустойчивость и локализация деформации и разрушения в материалах с иерархической структурой
Subjects:
Online Access:http://www.ispms.ru/files/Conference/2017_m/sb_tez_2017.pdf#page=147
Format: Electronic Book Chapter
KOHA link:https://koha.lib.tpu.ru/cgi-bin/koha/opac-detail.pl?biblionumber=656959

MARC

LEADER 00000nla2a2200000 4500
001 656959
005 20231101134940.0
035 |a (RuTPU)RU\TPU\network\23439 
035 |a RU\TPU\network\23438 
090 |a 656959 
100 |a 20171222d2017 k y0rusy50 ca 
101 0 |a rus 
102 |a RU 
105 |a a z 101zy 
135 |a drgn ---uucaa 
181 0 |a i  
182 0 |a b 
200 1 |a Изучение пространственно-временной эволюции вихреподобного движения атомов в нагруженном твердом теле. Молекулярно-динамический подход  |f А. И. Дмитриев [и др.] 
203 |a Текст  |c электронный 
225 1 |a Неустойчивость и локализация деформации и разрушения в материалах с иерархической структурой 
300 |a Заглавие с экрана 
463 1 |0 (RuTPU)RU\TPU\network\23304  |t Перспективные материалы с иерархической структурой для новых технологий и надежных конструкций  |o тезисы докладов Международной конференции, 9-13 октября 2017 г., Томск  |f Российская академия наук (РАН), Сибирское отделение (СО), Институт физики прочности и материаловедения (ИФПМ)  |v [С. 147-148]  |d 2017 
610 1 |a электронный ресурс 
610 1 |a труды учёных ТПУ 
610 1 |a пространственно-временная эволюция 
610 1 |a атомы 
610 1 |a нагруженные тела 
610 1 |a твердые тела 
610 1 |a молекулярная динамика 
610 1 |a перераспределение 
610 1 |a внутренние напряжения 
610 1 |a вихри 
701 1 |a Дмитриев  |b А. И. 
701 1 |a Никонов  |b А. Ю. 
701 1 |a Филиппов  |b А. Э. 
701 1 |a Псахье  |b С. Г.  |c физик  |c заведующий лабораторией, советник ректора, заведующий кафедрой Томского политехнического университета, доктор физико-математических наук  |f 1952-  |g Сергей Григорьевич  |2 stltpush  |3 (RuTPU)RU\TPU\pers\25589 
701 1 |a Тюменцев  |b А. Н. 
712 0 2 |a Национальный исследовательский Томский политехнический университет (ТПУ)  |b Институт физики высоких технологий (ИФВТ)  |b Кафедра физики высоких технологий в машиностроении (ФВТМ)  |h 2087  |2 stltpush  |3 (RuTPU)RU\TPU\col\18687 
801 1 |a RU  |b 63413507  |c 20101016 
801 2 |a RU  |b 63413507  |c 20171222  |g RCR 
856 4 |u http://www.ispms.ru/files/Conference/2017_m/sb_tez_2017.pdf#page=147 
942 |c CF